00391 2200157 4500245005500000020001800055250001100073100001400084650001500098005001900113260004400132041001400176084001100190300002300201336000900224 aKiat - Kiat Memperkuat Daya IngatcKay WhitehText a979-9481-39-8 aCet. 1 aKay White aDaya Ingat a20230216115702 aJakartabIntimedia Ciptanusantarac2013 aIndonesia a153.12 a140 hlm. :c21 cm. atext